Tilastot visalle Valtioita naapurimaiden lippujen mukaan #1

Klikkaa tästä pelataksesi tätä visaa!

Yleistilastot

  • Tätä visaa on pelattu 672 kertaa
  • Keskiarvotulos 16 / 20

Vastaustilastot

LiputValtio% Oikein
Kanada
100%
Alankomaat
95%
Ruotsi
95%
Yhdistynyt kuningaskunta
95%
Andorra
93%
Yhdysvallat
92%
Mongolia
91%
Irlanti
89%
Pohjois-Korea
85%
Uruguay
85%
Tanska
84%

Espanja
83%
Lesotho
79%
Libanon
72%
Qatar
72%
Bangladesh
64%
Kambodža
64%
Indonesia
58%
Panama
58%
Brunei
51%

Tulosjakauma

Persentiili vastausten määrän mukaan

Jokaisen tuloksen saaneiden osuus

Tuloshistoriasi

Et ole pelannut tätä visaa